00000000nam 2200000zi 4500
0019.939985
003CaOODSP
00520250120154026
006m     o  d f      
007cr |n|||||||||
008240628e199302  onc     o    f000 0|eng d
040 |aCaOODSP|beng|erda|cCaOODSP
043 |an-cn---
0861 |aCo22-781/1993E-PDF
24500|aInvesting in the future : |blearning through communications technologies : report on the DOC Strategic Planning Seminar held on December 15, 1992, Le Salon, National Arts Centre, Ottawa, Ontario.
264 1|a[Ottawa] : |bStrategic Policy Planning, Strategy and Plans Branch, Communications Canada, |cFebruary 1993.
300 |a1 online resource (iv, 14, 5 pages)
336 |atext|btxt|2rdacontent
337 |acomputer|bc|2rdamedia
338 |aonline resource|bcr|2rdacarrier
500 |aDigitized edition from print [produced by Innovation, Science and Economic Development Canada].
500 |aIssued also in French under title: Un investissement dans l'avenir : l'apprentissage par le biais des technologies des communications : rapport sur le séminaire tenu le 15 décembre 1992, Le Salon, Centre national des arts, Ottawa (Ontario).
61010|aCanada. |bCommunications Canada|xPlanning.
650 0|aTelecommunication policy|zCanada.
7101 |aCanada. |bCommunications Canada, |eissuing body.
77508|tUn investissement dans l'avenir : |w(CaOODSP)9.947155
85640|qPDF|s715 KB|uhttps://publications.gc.ca/collections/collection_2025/isde-ised/co22/Co22-781-1993-eng.pdf